书目信息 |
| 题名: |
概率论沉思录
|
|
| 作者: | 杰恩斯 著 ;廖海仁 译 | |
| 分册: | ||
| 出版信息: | 北京 人民邮电出版社 2024.06 |
|
| 页数: | xxii, 738页 | |
| 开本: | 24cm | |
| 丛书名: | 图灵数学经典 | |
| 单 册: | ||
| 中图分类: | O211 | |
| 科图分类: | ||
| 主题词: | 概率论--gai lv lun | |
| 电子资源: | ||
| ISBN: | 978-7-115-64336-0 | |
| 000 | 01839nam 2200313 450 | |
| 001 | 90941 | |
| 005 | 20250816141642.36 | |
| 010 | @a978-7-115-64336-0@dCNY179.80 | |
| 100 | @a20240715d2024 em y0chiy50 ea | |
| 101 | 1 | @achi@ceng |
| 102 | @aCN@b110000 | |
| 105 | @aak a 001yy | |
| 106 | @ar | |
| 200 | 1 | @a概率论沉思录@Agai lv lun chen si lu@f(美) 埃德温·汤普森·杰恩斯著@d= Probability theory the logic of science@fE.T. Jaynes@g廖海仁译@zeng |
| 210 | @a北京@c人民邮电出版社@d2024.06 | |
| 215 | @axxii, 738页@c图@d24cm | |
| 225 | 2 | @a图灵数学经典@Atu ling shu xue jing dian@v15 |
| 300 | @a图灵教育 | |
| 314 | @a埃德温·汤普森·杰恩斯, 1922-1998, 著名数学物理学家, 曾任圣路易斯华盛顿大学和斯坦福大学教授, 在统计力学和概率统计推断方面有杰出贡献。1957年发表了热力学的最大熵解释, 1963年与弗雷德·卡明斯一起以完全量子化的方式模拟了电磁场中二能级原子的演化, 该模型称为杰恩斯-卡明斯模型。杰恩斯大力提倡将概率论解释为逻辑的延伸。廖海仁, 本科毕业于清华大学物理系, 北京大学空间物理学硕士。中国第22次南极科学考察队队员, 曾在南极中山站越冬14个月。 | |
| 320 | @a有书目 (第677-700页) 和索引 | |
| 330 | @a本书将概率论和统计推断融合在一起, 用新的观点生动地描述了概率论在物理学、数学经济学、化学和生物学等领域中的广泛应用, 特别阐述了贝叶斯理论的丰富应用, 弥补了其他概率论和统计学教材的不足, 全书分为两部分: 第一部分包括10章, 讲解抽样理论、假设检验、参数估计等概率论的原理及其初级应用 ; 第二部分包括12章, 讲解概率论的高级应用, 如在物理测量、通信理论中的应用。本书还附有大量习题, 内容全面, 体例完整。 | |
| 410 | 0 | @12001 @a图灵数学经典@v15 |
| 500 | 10 | @aProbability theory the logic of science@mChinese |
| 606 | 0 | @a概率论@Agai lv lun |
| 690 | @aO211@v5 | |
| 701 | 1 | @a杰恩斯@Ajie en si@g(Jaynes, E. T.),@f1922-1998@4著 |
| 702 | 0 | @a廖海仁@Aliao hai ren@4译 |
| 801 | 0 | @aCN@c20250909 |
| 905 | @a河南城建学院图书馆@dO211@eJ700@f1 | |
| 概率论沉思录/(美) 埃德温·汤普森·杰恩斯著= Probability theory the logic of science/E.T. Jaynes/廖海仁译.-北京:人民邮电出版社,2024.06 |
| xxii, 738页:图;24cm.-(图灵数学经典;15) |
| 图灵教育 |
| ISBN 978-7-115-64336-0:CNY179.80 |
| 本书将概率论和统计推断融合在一起, 用新的观点生动地描述了概率论在物理学、数学经济学、化学和生物学等领域中的广泛应用, 特别阐述了贝叶斯理论的丰富应用, 弥补了其他概率论和统计学教材的不足, 全书分为两部分: 第一部分包括10章, 讲解抽样理论、假设检验、参数估计等概率论的原理及其初级应用 ; 第二部分包括12章, 讲解概率论的高级应用, 如在物理测量、通信理论中的应用。本书还附有大量习题, 内容全面, 体例完整。 |
| ● |
| 相关链接 |
|
|
|
正题名:概率论沉思录
索取号:O211/J700
 
预约/预借
| 序号 | 登录号 | 条形码 | 馆藏地/架位号 | 状态 | 备注 |
| 1 | 1624903 | 216249030 | 自科库401/401自科库 47排4列4层/ [索取号:O211/J700] | 在馆 |